000 01184nam a2200301 i 4500
003 EG-GICUC
005 20260121101213.0
008 251112b1969 ua ||||f |||| 00| 0 ara d
040 _a EG-GICUC
_c EG-GICUC
_d EG-GICUC
_erda
_bara
041 _aara
082 0 4 _221
_a345.42
_bش و . أ
092 0 4 _221
099 _aLaw1 07 345.42 ش و . أ 1969
100 0 _aشوقي حسين عبد الله
_eمؤلف.
245 1 0 _aأجهزة الخدمة المدنية في الدول العربية /
_cإعداد د. شوقي حسين عبد الله.
264 1 _aالقاهرة :
_bجامعة الدول العربية - المنظمة العربية للعلوم الإدارية، مركز البحوث الإدارية،
_c1969.
300 _a34 صفحة ؛
_c24 سم.
336 _2rda content
_atext
337 _2rda media
_aComputer
338 _2rda carrier
_aOnline Resource
490 _v2
546 _aالنص باللغة العربية
650 1 7 _2qrmak
_aالموظفون
_xتعينات
650 1 7 _2qrmak
_aالقانون الإداري
856 4 0 _uhttps://fll.law.cu.edu.eg/fulltext/bks/B07-00294.pdf
905 _a73
_eEman
942 _2ddc
_n0
_cBK
_e21
999 _c42784
_d42784